Statistiques concernant Les 50 peintres les plus influents de l'Histoire.

Cliquez ici pour prendre le quiz!

Statistiques générales

  • Ce quiz a été pris 108 fois
  • Le résultat moyen est 20 sur 50

Statistiques - réponses

PositionŒuvre célèbreRéponse% Correct
3GuernicaPablo Picasso
99%
2La Nuit étoiléeVincent van Gogh
96%
1Plafond de la chapelle SixtineMichel-Ange
95%
8Les NymphéasClaude Monet
92%
25Le Déjeuner sur l'herbeÉdouard Manet
81%
12Le CriEdvard Munch
80%
24La Liberté guidant le peupleEugène Delacroix
73%
9La LaitièreJohannes Vermeer
67%
7La Persistance de la mémoireSalvador Dali
67%
22Le BaiserGustav Klimt
66%
15La Naissance de VénusSandro Botticelli
65%
6Les Deux FridasFrida Kahlo
63%
5La Ronde de NuitRembrandt
59%
41Bal du moulin de la GaletteAuguste Renoir
58%
4l'École d'AthènesRaphaël
49%
31La Mort de MaratJacques-Louis David
48%
17Les joueurs de cartesPaul Cézanne
43%
18Nu bleuHenri Matisse
42%
46Moulin-Rouge - La GoulueHenri de Toulouse-Lautrec
41%
16Les MéninesDiego Vélasquez
40%
19Le Christ JaunePaul Gauguin
37%
40La Trahison des imagesRené Magritte
37%
30L'AbsintheEdgar Degas
35%
26Composition VIIVassily Kandinsky
35%
13Saint Jérôme écrivantLe Caravage
33%
14Peintures NoiresFrancisco de Goya
31%
36Les BaigneusesGustave Courbet
29%
47Boulevard Montmartre à ParisCamille Pissarro
28%
35Coupole de l'Opéra Garnier à ParisMarc Chagall
28%
10Les Trois GrâcesPeter Paul Rubens
28%
27Composition en rouge, jaune, bleu et noirPiet Mondrian
28%
29Le Jardin des délicesJérôme Bosch
25%
45Le Dernier Voyage du TéméraireWilliam Turner
25%
43Le Voyageur contemplant une mer de nuagesCaspar David Friedrich
24%
33La Baigneuse ValpinçonJean-Auguste Dominique Ingres
23%
32Les Époux ArnolfiniJan van Eyck
22%
38Femme et oiseauJoan Miró
19%
34Fillette en bleuAmedeo Modigliani
18%
48Le Jugement de SalomonNicolas Poussin
18%
28L'Enterrement du comte d'OrgazLe Greco
17%
49Angelus NovusPaul Klee
17%
20La femme au miroirTitien
16%
50Maisons à l'EstaqueGeorges Braque
14%
21DavidDonatello
12%
44VertumneGiuseppe Arcimboldo
12%
23La Prédication de Saint Jean-BaptistePieter Brueghel l'Ancien
10%
11MelencoliaAlbrecht Durër
7%
39La Crucifixion Le Tintoret
6%
37Fresques de la vie de saint François à AssiseGiotto di Bondone
2%
42Polyptyque de PiseMasaccio
1%

Distribution des résultats

Percentile par nombre de réponses

% des personnes avec chaque résultat

Votre développement - résultats

Vous n’avez pas pris ce quiz